00000000nam 2200000zi 4500
0019.925666
003CaOODSP
00520250131115150
006m     o  d f      
007cr |n|||||||||
008230719s1995    snc     o    f|0| 0 eng d
040 |aCaOODSP|beng|erda|cCaOODSP
043 |an-cn-sn
0861 |aEn4-585/1995E-PDF
24500|aBuilding bridges for research : |ba forum to develop integrated research strategies : workshop proceedings, Nov. 29-Dec.1, 1995, Saskatoon, Saskatchewan, Delta Bessborough Hotel / |cPartners for the Saskatchewan River Basin.
264 1|aSaskatoon : |bEnvironment Canada, |c[1995]
300 |a1 online resource (25 pages)
336 |atext|btxt|2rdacontent
337 |acomputer|bc|2rdamedia
338 |aonline resource|bcr|2rdacarrier
500 |aDigitized edition from print [produced by Environment and Climate Change Canada].
650 0|aWatersheds|xResearch|zSaskatchewan|vCongresses.
650 6|aBassins hydrographiques|xGestion|zSaskatchewan|vCongrès.
655 7|aConference papers and proceedings|2lcgft
655 7|aActes de congrès|2rvmgf
7101 |aCanada. |bEnvironment Canada, |eissuing body.
85640|qPDF|s1.14 MB|uhttps://publications.gc.ca/collections/collection_2025/eccc/en4/En4-585-1995-eng.pdf